000 00654nam a22002297a 4500
003 DO-SdBNP
005 20180214140029.0
008 161031b 1990 sp a 00| 0 spa d
020 _a8424153359
040 _aBPMSU
_bspa
_cBPMSU
082 _axxxx
_bC236d
100 1 _aCapdevila, F.
245 1 0 _aDonald... y la astronaútica /
_cF. Capdevila
260 _aMadrid, España :
_bThe Walt Disney Company,
_bEverest,
_c1990.
300 _a48 p. :
_bil. ;
_c29 cm.
490 _aWalt Disney
_v6
500 _aLibro de pasta dura
830 0 _aWalt Disney
_n6
942 _2ddc
_cBK
945 _aInventariado, 2018/ YL
956 _aYLOCKWARD
_b10
_cBPMSU
999 _c12679
_d12679